000 00664nam a2200205Ii 4500
003 JO-AjNU
008 230605s9999||||xx |||||||||||||| ||und||
017 _a86/5407
040 _aJO-AjNU
_bara
_erda
_cJO-AjNU
041 _aara
050 1 4 _aKRM1521.A2288.1986
100 3 _aمأمون، عبد الرشيد,
_eauthor
_946488
245 0 0 _aعقد العلاج بين النظرية والتطبيق
264 3 1 _aالقاهرة : دار النهضة العربية ، 1986
300 _a302ص
336 _atext
_btxt
_2rdacontent
337 _aunmediated
_bn
_2rdamedia
338 _avolume
_bnc
_2rdacarrier
650 4 _aالقانون -- الطب
_946489
999 _aA20228
_c23796
_d23796